Relatívne nová disciplína ovplyvňuje efektívnosť živočíšnej výroby ekonomika zdravia zvierat

Bibliographic Details
Main Author: Havrila, Andrej (Author)
Format: Article
Language:Slovak
Subjects:

MARC

LEADER 00000nab a2200000 a 4500
001 vtls000654626
003 SK-MaSNL
005 20260310182447.0
008 180206c1998 xo 0 slo
015 |a SNBRA1998/03-05430 
035 |a CLN000006819 
040 |a SNKBUCL  |b slo  |c SNKBUCL  |e AACR2 
041 0 |a slo 
044 |a xo  |c SK 
080 |a 619  |2 UDC-MRF-SK2 
080 |a 636.09  |2 UDC-MRF-SK2 
100 |a Havrila, Andrej  |4 aut  |9 776309 
245 1 0 |a Relatívne nová disciplína ovplyvňuje efektívnosť živočíšnej výroby  |b ekonomika zdravia zvierat  |c Andrej Havrila 
650 0 7 |a zdravie zvierat  |2 snkbucl  |9 31564 
655 7 |a články z novín a časopisov  |2 snkbucl  |9 267496 
773 0 |t Roľnícke noviny  |g Č. 44 (5.3.1998) 
773 0 |t [Príl.] Agrokonzult  |g S. 3 
850 |a Slovenská národná knižnica v Martine 
852 |a SNK  |b KIS3GCP 
958 |a RBX 
999 |c 2190421  |d 2192351